Newcastle United: The Premier League Years - Statistics

General Stats
  • This quiz has been taken 305 times
    56 since last reset
  • The average score is 31 of 67
Answer Stats
Answer % Correct
Alan Shearer
93%
Eddie Howe
93%
Alexander Isak
89%
Kieran Trippier
83%
Bruno Guimarães
80%
Demba Ba
80%
Steve Bruce
80%
Andy Cole
76%
Callum Wilson
76%
Rafael Benítez
74%
Alan Pardew
72%
Dan Burn
72%
Joelinton
72%
Kevin Keegan
72%
Anthony Gordon
70%
Jamaal Lascelles
67%
Les Ferdinand
67%
Papiss Cissé
67%
Bobby Robson
65%
Fabricio Coloccini
61%
Shay Given
61%
Peter Beardsley
57%
Sam Allardyce
54%
Kenny Dalglish
52%
Miguel Almirón
52%
Rob Lee
50%
Gary Speed
48%
John Barnes
48%
Ruud Gullit
48%
Allan Saint-Maximin
46%
Chris Hughton
46%
Joe Kinnear
46%
Martin Dúbravka
46%
Nolberto Solano
43%
Ayoze Pérez
41%
Graeme Souness
41%
Tim Krul
41%
Georginio Wijnaldum
39%
Kevin Nolan
39%
Michael Owen
37%
Steve McClaren
37%
Obafemi Martins
33%
Pavel Srníček
33%
David Batty
30%
Glenn Roeder
30%
John Carver
30%
Jonás Gutiérrez
30%
Loïc Rémy
30%
Davide Santon
26%
Matt Ritchie
26%
Nicky Butt
26%
Salomón Rondón
26%
Darren Peacock
24%
Steve Watson
24%
James Milner
22%
Mike Williamson
22%
Olivier Bernard
20%
Barry Venison
17%
Daryl Janmaat
17%
Geremi
17%
Rob Elliot
17%
Scott Parker
17%
Sébastien Bassong
13%
Carl Cort
11%
Habib Beye
9%
Temuri Ketsbaia
9%
Yoan Gouffran
9%
No matching quizzes found
Score Distribution
Percent of People with Each Score
Percentile by Number Answered
Your Score History
You have not taken this quiz since the last reset